000
00414nam a2200157Ia 4500
008
090123s9999 xx 000 0 und d
082
_b
6
100
_a
बर्वे मंगला
245
_a
रणांगण
250
_a
0
600
_a
बर्वे मंगला
630
_a
रणांगण
700
_a
बर्वे मंगला
730
_a
रणांगण
942
_c
BOOK
999
_c
38096
_d
38096